Success in World History Since 1945. (Record no. 3695)

MARC details
000 -LEADER
fixed length control field 00361nam a22001217a 4500
005 - DATE AND TIME OF LATEST TRANSACTION
control field 20201210101735.0
008 - FIXED-LENGTH DATA ELEMENTS--GENERAL INFORMATION
fixed length control field 201210b ||||| |||| 00| 0 eng d
020 ## - INTERNATIONAL STANDARD BOOK NUMBER
International Standard Book Number 0719546370
040 ## - CATALOGING SOURCE
Transcribing agency CML
245 ## - TITLE STATEMENT
Title Success in World History Since 1945.
Statement of responsibility, etc. Watson J.
260 ## - PUBLICATION, DISTRIBUTION, ETC.
Place of publication, distribution, etc. London
Name of publisher, distributor, etc. Margaret Watson
Date of publication, distribution, etc. 1989
942 ## - ADDED ENTRY ELEMENTS (KOHA)
Source of classification or shelving scheme Dewey Decimal Classification
Koha item type Books
Edition 1st Edition
Classification part 909
Call number suffix WAT
Holdings
Withdrawn status Lost status Source of classification or shelving scheme Damaged status Not for loan Collection code Home library Current library Shelving location Date acquired Total Checkouts Full call number Barcode Date last seen Copy number Price effective from Koha item type
    Dewey Decimal Classification     Geography & History Chalimbana Main Library Chalimbana Main Library Geography & History 12/10/2020   909.824 WAT 9780719546372 12/10/2020 1 12/10/2020 Books

Powered by Koha